000 01112nam a2200229Ia 4500
999 _c48578
_d48578
001 15477
003 GE_BSU
005 20241129160719.0
008 181216s1978||||ge |||||||||||||| ||geo||
040 _cGE_BSU
041 _ageo
080 _a369(47+57) ბ-95
100 _aბუზუკაშვილი, ი.
_923835
245 _aსახელმწიფო დაზღვევა /
_cი. ბუზუკაშვილი, გ. კორსავა ; რედ. : ო. გიორგობიანი ; საქ. სსრ სახელმწ. დაზღვევის სამმართველო.
264 _aთბილისი :
_bმეცნიერება,
_c1978.
300 _a225 გვ. ;
_c22 სმ.
490 _aსაქ. სსრ სახ. დაზღვევის სამმართველო
653 _aსახელმწიფო დაზღვევა
700 _aკორსავა, გ.
_e ავტორი
_923836
700 _aგიორგობიანი, ო.
_eრედაქტორი
_923837
942 _cBK
_2udc